Statistics for Joe Biden's line of Succession by Picture

Click here to take the quiz!

General Stats

  • This quiz has been taken 25 times
  • The average score is 9 of 18

Answer Stats

Answer% Correct
Kamala Harris
100%
Janet Yellen
90%
Pete Buttigieg
90%
Kevin McCarthy
85%
Antony Blinken
80%
Merrick Garland
80%
Lloyd Austin
55%
Alejandro Mayorkas
40%
Marty Walsh
40%
Patty Murray
40%
Deb Haaland
35%
Gina Raimondo
35%
Marcia Fudge
35%
Jennifer Granholm
30%
Denis McDonough
25%
Tom Vilsack
25%
Xavier Becerra
25%
Miguel Cardona
20%

Score Distribution

Percentile by Number Answered

Percent of People with Each Score

Your Score History

You have not taken this quiz